000 00843nam a2200265Ia 4500
003 OSt
005 20221005081855.0
006 a|||||r|||| 00| 0
007 ta
008 221004b |||||||| |||| 00| 0 eng d
020 _a9788132117766 (pbk)
_cINR 525.00
024 _a33378
037 _b10598, 03/03/2017, Orange Books International
_cTextual
040 _aCRL
_cCRL
_beng
041 _2eng
_aeng
082 _aW:91.2, Q4
100 _aSanjay Kumar Ed.
245 0 _aIndian youth and electoral politics
_b an emerging engagement
260 _aNew Delhi
_bSage Publication India
_c2014
300 _axxxvi,185p.
_ccm.
650 _a POLITICAL SCIENCE
650 _aELECTIONS - INDIA
942 _hW:91.2, Q4
_cTEXL
_2cc
999 _c988371
_d988371